Vliv hnojení a odrůdy na příjem živin u jetele lučního

Bibliographic Details
Main Author: Křišťan, František (Author)
Format: Article
Language:Slovak
Czech
PhysicalDescription:Tb. 4.
Subjects:

MARC

LEADER 00000nab a2200000 a 4500
001 vtls000109115
003 SK-MaSNL
005 20260304063557.0
008 250422c1982 xo 0 slo
015 |a SNBRB19rr/mm-uuuuu 
035 |a CL0119218 
035 |a urn:nbn:sk:snk-abbapn 
035 |a (urnnbn)urn:nbn:sk:snk:ar-0061d8 
035 |a (uuid)2b980ab3-c14f-4b33-833c-9f554647997f 
040 |a SNKBUCL  |b slo  |c SNKBUCL  |e AACR2 
041 0 |a cze 
044 |a xo  |c SK 
080 |a 631.8  |2 1981 
080 |a 633.2/.3  |2 1981 
100 1 |a Křišťan, František  |4 aut  |9 928971 
245 1 0 |a Vliv hnojení a odrůdy na příjem živin u jetele lučního  |c František Křišťan 
300 |b Tb. 4. 
650 0 7 |a ďatelina lúčna  |2 snkbucl  |9 19074 
650 0 7 |a hnojivá  |2 snkbucl  |9 15432 
655 7 |a články z novín a časopisov  |2 snkbucl  |9 267496 
773 0 |t Agrochémia  |g Roč. 22, č. 2 (1982), s. 38-40 
850 |a Slovenská národná knižnica 
852 |a Slovenská národná knižnica 
954 |a odborná, vedecká literatúra cudzojazyčná (svetová)  |2 lita 
954 |a odborná, vedecká literatúra pôvodná (slovenská)  |2 lita 
958 |a article15 
958 |a OND 
958 |a RK 
958 |a CZ 
958 |a EUIPO 
992 |a RBX 
999 |c 2743213  |d 2745143